| 000 | 00457nam a2200181Ia 4500 | ||
|---|---|---|---|
| 005 | 20140314141726.0 | ||
| 008 | 140130s9999 xx 000 0 und d | ||
| 050 |
_aQL 467.2 _b.P32 2002 |
||
| 100 | _aPallotta, Jerry | ||
| 245 |
_cJerry Pallotta _aIcky Bug Colors / |
||
| 260 |
_bScholastic, _c2002. _aU.S.A : |
||
| 300 |
_a1 v. (unpaged) : _bcol. ill. ; _c21 cm. |
||
| 440 | _v1 | ||
| 521 | _aG2 | ||
| 526 | _c460 | ||
| 942 |
_cBK _2lcc |
||
| 999 |
_c40506 _d40506 |
||